000 01008cam a2200241 4500
001 WB4015-04
008 040420n2004 000 0 eng u
035 _a(Sirsi) u125885
245 _aCash allocation sends capital values soaring
260 _c2004
490 _aEstates Gazette
_v(0416) 17 April 2004, 39(1)
520 _aThe amount of cash allocated to UK property meant capital values shot up last month. The latest CB Richard Ellis monthly index figures show property equivalent yields falling by 10 basis points, sending capital values up 1.8% in March. Retail benefited the most from falling yields, with 2.3% added to capital values for both high street shops and retail warehouses. CBRE website at www.cbre.co.uk.
590 _aWB
590 _aWB
650 _aCAPITAL VALUES
650 _aYIELDS
650 _aCAPITAL GROWTH
650 _aRETAIL PROPERTY
650 _aINSTITUTIONAL FUNDS
650 _aPRIVATE INVESTORS
690 _aCOMMERCIAL PROPERTY-MARKET
942 _n0
999 _c117216
_d117216